The effects of particulate matter 2.5, PAHs dioxins-furans and PCBs on human health

Αποθηκεύτηκε σε:
Λεπτομέρειες βιβλιογραφικής εγγραφής
Κύριος συγγραφέας: Θεοχαράκη, Φοίβη
Άλλοι συγγραφείς: Καλαντζή, Όλγα-Ιωάννα (dgsf)
Μορφή: Thesis Βιβλίο
Γλώσσα:Greek
Θέματα:
Ετικέτες: Προσθήκη ετικέτας
Δεν υπάρχουν, Καταχωρήστε ετικέτα πρώτοι!

MARC

LEADER 00000cam a2200000 a 4500
001 1/113481
008 170323s2012####gr | ||| |||| ||gre||
040 |a GR-MyUa  |b gre  |c GR-MyUa  |e AACR2 
041 0 |a gre 
082 7 |a 615.9512   |2 (23) 
100 1 |a Θεοχαράκη, Φοίβη. 
245 1 4 |a The effects of particulate matter 2.5, PAHs dioxins-furans and PCBs on human health /   |c Phoebe Theocharaki ; professor in chargeQ Olga Ioanna Kalantzi.  
300 |a 121 σ. :   |b πιν. ;   |c 24 εκ.  
502 # # |a Πτυχιακή εργασία – Πανεπιστήμιο Αιγαίου, Λέσβος, 2012. 
504 |a Περιλαμβάνει βιβλιογραφία 
650 0 |a Dioxins. 
650 0 |a Furans. 
650 0 |a Polychlorinated biphenyls  |x Toxicology. 
650 0 |a Heterocyclic compounds. 
700 1 |a Καλαντζή, Όλγα-Ιωάννα,  |e dgsf 
852 |a INST  |b LESVOS  |c DIATR  |e 20170323  |h 1685  |p 005100058964  |q 005100058964  |t DIE  |y 23 
924 |a Παπαντωνίου  |b Παρασκευή  |y Λέσβος  |z 2014-04 
970 |a Τζαφέρη  |b Ευαγγελία  |z 23-03-2017